Etika manažerské práce

V čom spočívajú špecifiká podnikateľskej etiky a vedomie zodpovednosti. Etické jednanie a správanie. Moc a úspech - nebezpečenstvá zabraňujúce etické správanie. Od kultúry organizácie k etike.

Guardado en:
Detalles Bibliográficos
Autor principal: Chadt, Karel
Formato: Capítulo de libro
Lenguaje:checo
Materias:
Etiquetas: Agregar Etiqueta
Sin Etiquetas, Sea el primero en etiquetar este registro!

MARC

LEADER 00000naa$a2200000$$$4500
001 0025712
005 20231106122031.5
041 0 |a cze 
044 |a CZ 
245 1 0 |a Etika manažerské práce  |c Karel Chadt 
520 |a V čom spočívajú špecifiká podnikateľskej etiky a vedomie zodpovednosti. Etické jednanie a správanie. Moc a úspech - nebezpečenstvá zabraňujúce etické správanie. Od kultúry organizácie k etike. 
610 2 0 |a riadenie podnikové 
610 2 0 |a manažment 
610 2 0 |a manažéri 
610 2 0 |a organizácie 
610 2 0 |a zamestnanci 
610 2 0 |a etika 
610 2 0 |a správanie 
610 2 0 |a zodpovednosť 
610 2 0 |a kultúra podniková 
100 1 |a Chadt, Karel